000
00231nam a22000977a 4500
999
_c
153909
_d
153909
082
_a
_b
245
_a
IBPS bank PO/MT CWE 3:
_b
common written examination practice work book/
260
_a
_b
Kiran,
_c
650
_a
942
_c
BK